000 00606nam a2200241Ia 4500
003 OSt
005 20221007071510.0
006 a|||||r|||| 00| 0
007 ta
008 221006b |||||||| |||| 00| 0 eng d
024 _a24,856
037 _cTextual
040 _aFLL
_cFLL
_beng
041 _2eng
_aeng
082 _aZ3:2:6, K9
100 _aTyler E. L. G.
_9688890
245 0 _aLaw of mortgage
250 _a8th
260 _aLondon
_bButterworths UK
_c1969
300 _acxxxvi,697p
_ccm.
942 _hZ3:2:6, K9
_cTEXL
_2CC
999 _c1143525
_d1143525